Nīṃva kī darāreṃ. (Record no. 62244)

MARC details
000 -LEADER
fixed length control field 00679cam a22002291 4500
001 - CONTROL NUMBER
control field sa 65001809
003 - CONTROL NUMBER IDENTIFIER
control field DLC
005 - DATE AND TIME OF LATEST TRANSACTION
control field 20260227112111.0
008 - FIXED-LENGTH DATA ELEMENTS--GENERAL INFORMATION
fixed length control field 840628s1964 ii 000 0 hino
010 ## - LIBRARY OF CONGRESS CONTROL NUMBER
LC control number sa 65001809
025 ## - OVERSEAS ACQUISITION NUMBER
Overseas acquisition number PL480:I-H-1808
035 ## - SYSTEM CONTROL NUMBER
System control number (OCoLC)21639773
040 ## - CATALOGING SOURCE
Original cataloging agency DLC
Transcribing agency CU
Modifying agency DLC
042 ## - AUTHENTICATION CODE
Authentication code premarc
050 00 - LIBRARY OF CONGRESS CALL NUMBER
Classification number PK2098.S532
Item number N5
100 1# - MAIN ENTRY--PERSONAL NAME
Personal name Shrivastava, Krishna Kishore,
Dates associated with a name 1925-
245 10 - TITLE STATEMENT
Title Nīṃva kī darāreṃ.
Statement of responsibility, etc. [Lekhaka] Kr̥shṇa Kiśore Śrīvāstava.
260 ## - PUBLICATION, DISTRIBUTION, ETC.
Place of publication, distribution, etc. Dillī,
Name of publisher, distributor, etc. Rājapāla
Date of publication, distribution, etc. [1964]
300 ## - PHYSICAL DESCRIPTION
Extent 118 p.
Dimensions 19 cm.
500 ## - GENERAL NOTE
General note At head of title: Bhārata Sarakāra dvārā puraskr̥ta nāṭaka.
500 ## - GENERAL NOTE
General note In Hindi.

No items available.

Powered by Koha